| 000 | 00758nab a2200253 a 4500 | ||
|---|---|---|---|
| 005 | 20210223132349.0 | ||
| 008 | 991125s1985 mx 000 0 spa u | ||
| 035 | _aUPN01000197376 | ||
| 049 | _aART | ||
| 100 | 1 |
_aDurán, David _939378 |
|
| 100 | 1 | _udavid.duran@aub.cat | |
| 222 | _aINVESTIGACION EN LA ESCUELA | ||
| 245 | _aInfluencia de la tutoría entre iguales en el desarrollo de la comprensión y el autoconcepto lector | ||
| 260 | _aSevilla, España | ||
| 300 | _a67-78 | ||
| 362 | 0 | _a2013 No. 81 | |
| 653 | 0 | _aTUTORIA ENTRE IGUALES | |
| 653 | 0 | _aCOMPRENSION LECTORA | |
| 653 | 0 | _aAUTOCONCEPTO LECTOR | |
| 653 | 0 | _aAPRENDIZAJE COOPERATIVO | |
| 700 | 1 |
_aFlores, Marta, _ecoaut. |
|
| 700 | 1 | _umarta.flores@uab.cat | |
| 905 | _aArticulo | ||
| 999 |
_c169477 _d169477 |
||